| Tag |
First Indicator |
Second Indicator |
Subfields |
| LEADER |
00000cam a2200000 a 4500 |
| 001 |
in00000990387 |
| 005 |
20150927154338.0 |
| 008 |
900618s1991 azu bc 00110 eng |
| 010 |
|
|
|a 90007698
|
| 020 |
|
|
|a 0897745280 (alk. paper)
|
| 035 |
|
|
|a (OCoLC)21974939
|
| 035 |
|
|
|9 AEY1438AM
|
| 040 |
|
|
|a DLC
|c DLC
|d UtOrBLW
|
| 043 |
|
|
|a a-ja---
|
| 049 |
|
|
|a TXAM
|
| 050 |
0 |
0 |
|a Z7916
|b .T35 1991
|a T27.J3
|
| 082 |
0 |
0 |
|a 016.6/0952
|2 20
|
| 100 |
1 |
|
|a Talbot, Dawn E.,
|d 1950-
|
| 245 |
1 |
0 |
|a Japan's high technology :
|b an annotated guide to English-language information sources /
|c by Dawn E. Talbot.
|
| 264 |
|
1 |
|a Phoenix, AZ :
|b Oryx Press,
|c 1991.
|
| 300 |
|
|
|a xi, 171 pages ;
|c 24 cm.
|
| 336 |
|
|
|a text
|b txt
|2 rdacontent
|
| 337 |
|
|
|a unmediated
|b n
|2 rdamedia
|
| 338 |
|
|
|a volume
|b nc
|2 rdacarrier
|
| 500 |
|
|
|a Includes indexes.
|
| 650 |
|
0 |
|a High technology
|z Japan
|x Bibliography
|x Catalogs.
|
| 650 |
|
0 |
|a English imprints
|v Catalogs.
|
| 999 |
|
|
|a MARS
|
| 999 |
f |
f |
|s f31adf46-fc0b-30db-9d50-c84756ef133a
|i 846dfd69-afa2-35dc-b6b4-158b64318e1b
|t 0
|
| 952 |
f |
f |
|p ric
|a Texas A&M University
|b Rellis Campus
|c Joint Library Facility
|d Remote Storage
|t 0
|e Z7916 .T35 1991
|h Library of Congress classification
|i unmediated -- volume
|m A14814420942
|
| 998 |
f |
f |
|a Z7916 .T35 1991
|t 0
|l Remote Storage
|